New Jersey Counties Quiz Stats

 Plays Quiz not verified by Sporcle

Also try: Enclave Countries
Challenge
Share
Tweet
Embed
Score 0/21 Timer 07:00
0 Plays Today
% Correct
Ocean
90%
Essex
89.6%
Bergen
87.2%
Sussex
86.8%
Atlantic
83.6%
Cape May
82.4%
Camden
82.4%
Middlesex
82%
Passaic
78.8%
Monmouth
78%
Hudson
77.2%
% Correct
Union
74.8%
Burlington
74.4%
Warren
72.4%
Morris
71.6%
Mercer
69.6%
Gloucester
68.8%
Hunterdon
68.4%
Somerset
65.2%
Cumberland
64.4%
Salem
63.6%

You're not logged in!

Compare scores with friends on all Sporcle quizzes.
OR
Log In

You Might Also Like...

Show Comments

Extras

Created May 29, 2010ReportNominate
Tags:counties, jersey, New Jersey

Top Quizzes Today


Score Distribution

Your Account Isn't Verified!

In order to create a playlist on Sporcle, you need to verify the email address you used during registration. Go to your Sporcle Settings to finish the process.

Report this User

Report this user for behavior that violates our Community Guidelines.

Details: